Ecological or green economics genuine contribution or fashionable fad?
Uložené v:
| Hlavný autor: | |
|---|---|
| Médium: | Kniha |
| Jazyk: | English |
| Vydavateľské údaje: |
Brisbane
University of Qeensland
1990
|
| Vydanie: | 1. ed. |
| Edícia: | Discussion Paper
No.47 |
| Tagy: |
Žiadne tagy, Buďte prvý, kto otaguje tento záznam!
|
MARC
| LEADER | 00000nam a2200000 4500 | ||
|---|---|---|---|
| 001 | c028913 | ||
| 005 | 20221215113617.3 | ||
| 041 | 0 | |a eng | |
| 044 | |a AU | ||
| 245 | 1 | 0 | |a Ecological or green economics |b genuine contribution or fashionable fad? |c Clem Tisdell |
| 250 | |a 1. ed. | ||
| 264 | 1 | |a Brisbane |b University of Qeensland |c 1990 | |
| 300 | |a 27 s. | ||
| 490 | 1 | |a Discussion Paper |v No.47 | |
| 830 | 0 | |a Discussion Paper |v No.47 | |
| 100 | 1 | |a Tisdell, Clem | |